Zariadenie pre seniorov, Nesvady, Slovensko
Na minha lista:
| Autor principal: | |
|---|---|
| Outros Autores: | |
| Formato: | Manuscrito Livro |
| Idioma: | eslovaco |
| Publicado em: |
Bratislava
2023
|
| Assuntos: | |
| Acesso em linha: | http://is.stuba.sk/zp/portal_zp.pl?podrobnosti=171778 |
| Tags: |
Sem tags, seja o primeiro a adicionar uma tag!
|
MARC
| LEADER | 00000ntm a22000003a 4500 | ||
|---|---|---|---|
| 001 | stuzp94177 | ||
| 003 | SK-STU | ||
| 005 | 20231013093741.1 | ||
| 007 | ta | ||
| 008 | 150427s2015----xo-----f-mn---000-0-slo-d | ||
| 040 | |a STU |b slo | ||
| 041 | 0 | |a slo | |
| 100 | 1 | |a Molnárová, Anna |u 058180 |4 aut |U FAD Fakulta architektúry a dizajnu |T FAD Ústav architektúry občianskych budov |X 82257 |U A8180 |Y 399 |7 82257 | |
| 242 | 0 | 1 | |a Elderly Home, Nesvady, Slovakia |y eng |
| 245 | 1 | 0 | |a Zariadenie pre seniorov, Nesvady, Slovensko |
| 260 | |c 2023 |a Bratislava | ||
| 650 | 4 | |a starnutie |2 slo | |
| 650 | 4 | |a komunita |2 slo | |
| 650 | 4 | |a nezávislosť |2 slo | |
| 650 | 4 | |a domov seniorov |2 slo | |
| 650 | 4 | |a seniori |2 slo | |
| 650 | 4 | |a aging |2 eng | |
| 650 | 4 | |a community |2 eng | |
| 650 | 4 | |a independence |2 eng | |
| 650 | 4 | |a retirement home |2 eng | |
| 650 | 4 | |a Seniors |2 eng | |
| 700 | 1 | |a Nahálka, Pavel |u 058180 |k Z1 |4 ths |U FAD Fakulta architektúry a dizajnu |T FAD Ústav architektúry občianskych budov |X 450 |U A8180 |Y 399 |7 A000000450 | |
| 856 | 4 | |u http://is.stuba.sk/zp/portal_zp.pl?podrobnosti=171778 |u https://opac.crzp.sk/?fn=detailBiblioForm&sid=1755732D0F093F437BA531EAC795 | |